MARC details
| 000 -CABECERA |
| campo de control de longitud fija |
01267nam a22003255a 4500 |
| 001 - NÚMERO DE CONTROL |
| campo de control |
vtls000076745 |
| 003 - IDENTIFICADOR DEL NÚMERO DE CONTROL |
| campo de control |
ES-BaIT |
| 005 - FECHA Y HORA DE LA ÚLTIMA TRANSACCIÓN |
| campo de control |
20250503073818.0 |
| 007 - CAMPO FIJO DE DESCRIPCIÓN FÍSICA--INFORMACIÓN GENERAL |
| campo de control de longitud fija |
t| |
| 008 - DATOS DE LONGITUD FIJA--INFORMACIÓN GENERAL |
| campo de control de longitud fija |
131009s1857 ||||||||| 00| |spa|d |
| 010 ## - NÚMERO DE CONTROL DE LA BIBLIOTECA DEL CONGRESO |
| Número de control de LC |
76745 |
| 035 ## - NÚMERO DE CONTROL DEL SISTEMA |
| Número de control de sistema |
0076-74560 |
| 039 #9 - NIVEL DE CONTROL BIBLIOGRÁFICO Y DETALLES DE CODIFICACIÓN [OBSOLETO] |
| Nivel de reglas en descripción bibliográfica |
202103241046 |
| Nivel de esfuerzo utilizado para asignar no-encabezamientos de materia en puntos de acceso |
AUTHORITY |
| Nivel de esfuerzo utilizado en la asignación de encabezamientos de materia |
201403080305 |
| Nivel de esfuerzo utilizado para asignar clasificación |
VLOAD |
| Nivel de esfuerzo utilizado en la asignación de encabezamientos de materia |
201310110207 |
| Nivel de esfuerzo utilizado para asignar clasificación |
VLOAD |
| Nivel de esfuerzo utilizado en la asignación de encabezamientos de materia |
201310101835 |
| Nivel de esfuerzo utilizado para asignar clasificación |
VLOAD |
| 040 00 - FUENTE DE LA CATALOGACIÓN |
| Centro catalogador/agencia de origen |
SEDO |
| Lengua de catalogación |
cat |
| 100 1# - ENTRADA PRINCIPAL--NOMBRE DE PERSONA |
| Nombre de persona |
Camprodón, Francisco, |
| Fechas asociadas al nombre |
1816-1870 |
| 9 (RLIN) |
66650 |
| 245 13 - MENCIÓN DE TÍTULO |
| Título |
El Lancero / |
| Mención de responsabilidad, etc. |
Francesc Camprodon |
| 260 ## - PUBLICACIÓN, DISTRIBUCIÓN, ETC. |
| Fecha de publicación, distribución, etc. |
1857 |
| Lugar de publicación, distribución, etc. |
Madrid: |
| Nombre del editor, distribuidor, etc. |
Imp. J. Rodríguez, |
| 300 ## - DESCRIPCIÓN FÍSICA |
| Dimensiones |
13x20 cm |
| 500 ## - NOTA GENERAL |
| Nota general |
Zarzuela en 1 acto y en verso; música de J. Gaztambide |
| 500 ## - NOTA GENERAL |
| Nota general |
P7: D2, H5 |
| 533 ## - NOTA DE REPRODUCCIÓN |
| Tipo de reproducción |
Reproducció digital disponible a Biblioescènic |
| 593 ## - Camps col·lecció exemplar |
| Codi de localització de l’ítem (numèric ) |
0110 |
| Signatura topogràfica i/o núm. de registre |
1892 |
| Notes |
tela encarnada. Procedència: Casa García Rico i Cía. Madrid |
| Nom de la col·lecció especial |
Artur Sedó |
| 730 0# - ENTRADA AGREGADA--TÍTULO UNIFORME |
| Título uniforme |
Col·lecció digital Biblioescènic del MAE |
| 9 (RLIN) |
69172 |
| 856 42 - LOCALIZACIÓN Y ACCESO ELECTRÓNICOS |
| Especificación de materiales |
Fitxa del catàleg manual |
| Identificador Uniforme del Recurso |
<a href="http://www.cdmae.cat/sedo/imgtitulos/038/P0000720.gif">http://www.cdmae.cat/sedo/imgtitulos/038/P0000720.gif</a> |
| 856 41 - LOCALIZACIÓN Y ACCESO ELECTRÓNICOS |
| Nota pública |
Accés lliure (Biblioescènic) |
| Identificador Uniforme del Recurso |
<a href="http://books.cdmae.cat/visorpdf/?recurs=SL%201892">http://books.cdmae.cat/visorpdf/?recurs=SL%201892</a> |
| 940 ## - EQUIVALENCIA O REFERENCIA-CRUZADA--TÍTULO UNIFORME [OBSOLETO] [solamente CAN/MARC] |
| Título uniforme |
<a href="IT">IT</a> |
| 942 ## - ELEMENTOS DE ENTRADA AGREGADA (KOHA) |
| Fuente del sistema de clasificación o colocación |
Clasificación decimal universal |
| Tipo de ítem Koha |
Llibre |
| 949 ## - PROCESAMIENTO DE INFORMACIÓN LOCAL (OCLC) |
| 6 |
1990619580 |
| a |
1892 |